000 00217 a2200085 4500
020 _a9783035621426
100 _aDREW WATTS
245 _aMODERN STRUCTURAL DESIGN: A PROJECT PRIMER FOR COMPLEX FORMS
260 _bBIRKHAUSER
999 _c13072
_d13072